| 000 | 01244cam a22003015a 4500 | ||
|---|---|---|---|
| 001 | L158832 | ||
| 008 | 150730s2010 xxk f 000 0 eng d | ||
| 020 | _a9780977858712 | ||
| 035 | _a(Sirsi) u158832 | ||
| 041 | 0 | _aeng | |
| 050 | 0 | 4 | _aF692.3 |
| 110 | 2 |
_aBuilding Owners and Managers Association International _96157 |
|
| 245 | 0 | 0 |
_aGross areas of a building _bStandard methods of measurement |
| 260 |
_aWashington DC _bBOMA _c2010 |
||
| 300 | _aiv, 28p ; 27cm | ||
| 520 | _aSets out two methods for measuring the gross area of a building. Construction gross area includes the exterior gross area as well as other areas that have a structural floor or are covered by a roof or canopy that are unenclosed but within the building perimeter. Exterior gross area is the total floor area contained within the measure line which is the outside surface of the exterior enclosure of a building including parking. | ||
| 590 | _aKA | ||
| 650 | 2 | 4 | _aSTANDARDS METHODS OF MEASUREMENT |
| 650 | 2 | 4 | _aOFFICES |
| 650 | 2 | 4 | _aRETAIL |
| 650 | 2 | 4 | _aSHOPS |
| 650 | 2 | 4 | _aMULTI-UNIT RESIDENTIAL BUILDINGS |
| 650 | 2 | 4 | _aINDUSTRIAL |
| 651 | 4 | _aUnited States | |
| 690 |
_aMeasurement _96256 |
||
| 690 |
_aCommercial property _96227 |
||
| 942 | _n0 | ||
| 999 |
_c115529 _d115529 |
||